[Event "32.Schlosspark-Open"]
[Site "Wiesbaden-Biebrich"]
[Date "2023.08.27"]
[Round "6.55"]
[White "Kalina, Lena"]
[Black "Tiggemann, Felix"]
[Result "1/2-1/2"]
[WhiteElo "1750"]
[BlackElo "1606"]
[PlyCount "88"]
[EventDate "2023.??.??"]
[WhiteTeam "SC Landskrone"]
[BlackTeam "SF Schöneck"]

1. d4 Nf6 2. c4 d6 3. Nc3 Nbd7 4. Nf3 e5 5. g3 Be7 6. Bg2 O-O 7. O-O Re8 8. b3 c6 9. Bb2 e4 10. Ne1 d5 11. Nc2 Nb6 12. cxd5 cxd5 13. Rc1 a6 14. Ne3 Ng4 15. Nxg4 Bxg4 16. f3 exf3 17. exf3 Be6 18. f4 Qd7 19. a4 Bb4 20. Na2 Bg4 21. Bf3 Bxf3 22. Qxf3 Qe7 23. Nxb4 Qxb4 24. Qc3 Qxc3 25. Rxc3 Rab8 26. Rfc1 Nd7 27. Rc7 Nf6 28. Ba3 g6 29. Kg2 Kg7 30. Kf3 b5 31. Bd6 bxa4 32. bxa4 Rb3+ 33. R1c3 Rxc3+ 34. Rxc3 Ne4 35. Rc6 Re6 36. Be5+ Kh6 37. Rc8 f6 38. Bb8 Rb6 39. Rd8 Rb3+ 40. Ke2 Rb4 41. Ba7 Rxa4 42. Kd3 Ra3+ 43. Kc2 Ra2+ 44. Kd3 Ra3+ 1/2-1/2

[Event "32.Schlosspark-Open"]
[Site "Wiesbaden-Biebrich"]
[Date "2023.08.27"]
[Round "6.56"]
[White "Dauster, Ronald"]
[Black "Metzner, Luis"]
[Result "1-0"]
[WhiteElo "1866"]
[BlackElo "1679"]
[PlyCount "77"]
[EventDate "2023.??.??"]
[WhiteTeam "FT Schierstein"]
[BlackTeam "SV Lahn Limburg"]

1. c4 Nf6 2. Nc3 e6 3. e4 Bb4 4. e5 Bxc3 5. bxc3 Ng8 6. Qg4 g6 7. d4 h6 8. Bd3 Ne7 9. Qh3 d6 10. Nf3 Nbc6 11. Bg5 dxe5 12. Bf6 Rg8 13. Nxe5 Nxe5 14. dxe5 c5 15. O-O Qc7 16. Qxh6 b6 17. Be4 Bb7 18. Bxb7 Qxb7 19. Rad1 Rd8 20. Qh7 Rf8 21. Qg7 Rd7 22. Bxe7 Kxe7 23. Qf6+ Ke8 24. Rd6 Rxd6 25. exd6 Qd7 26. Rd1 Rg8 27. h4 Kf8 28. f4 Rg7 29. f5 gxf5 30. h5 Rh7 31. h6 a6 32. Rd2 b5 33. a3 bxc4 34. Kf2 a5 35. Kg3 e5 36. Rd5 f4+ 37. Kf2 e4 38. Re5 e3+ 39. Ke1 1-0

[Event "32.Schlosspark-Open"]
[Site "Wiesbaden-Biebrich"]
[Date "2023.08.27"]
[Round "6.57"]
[White "Gürtler, Karlheinz"]
[Black "Drewes, Thomas"]
[Result "1-0"]
[WhiteElo "1865"]
[BlackElo "1641"]
[PlyCount "45"]
[EventDate "2023.??.??"]
[WhiteTeam "SC Ober-Ramstadt"]
[BlackTeam "SV Würzburg von 1865 e.V."]

1. e4 d6 2. d4 Nf6 3. Nc3 e5 4. Nf3 Nbd7 5. Bc4 Be7 6. a4 a5 7. O-O O-O 8. h3 Nb6 9. Bb3 exd4 10. Nxd4 c5 11. Ndb5 c4 12. Ba2 Be6 13. Be3 Ra6 14. Qe2 Qc8 15. Rad1 Rd8 16. f4 Qc6 17. Nd4 Qc8 18. Nxe6 Qxe6 19. Bxb6 Rxb6 20. Bxc4 Qc8 21. Bb5 Qc5+ 22. Kh1 Ne8 23. Nd5 1-0

[Event "32.Schlosspark-Open"]
[Site "Wiesbaden-Biebrich"]
[Date "2023.08.27"]
[Round "6.58"]
[White "Faßler, Felix"]
[Black "Busch, Malte"]
[Result "1-0"]
[WhiteElo "1596"]
[BlackElo "1825"]
[PlyCount "85"]
[EventDate "2023.??.??"]
[WhiteTeam "SC Fulda"]
[BlackTeam "SC 1979 Hattersheim"]

1. e4 d6 2. d4 Nf6 3. Nc3 c6 4. Be3 Qa5 5. f3 e5 6. Qd2 b5 7. a3 a6 8. Nge2 Be7 9. Ng3 Bd8 10. Rd1 b4 11. axb4 Qc7 12. dxe5 dxe5 13. Bc4 O-O 14. Na4 Nbd7 15. Nc5 a5 16. bxa5 Qxa5 17. Qxa5 Rxa5 18. Nxd7 Nxd7 19. Kf2 Bb6 20. Rd6 Bd4 21. Bxd4 exd4 22. Rxc6 Ne5 23. Rc7 Ra4 24. Bb3 Rb4 25. f4 Ng4+ 26. Kf3 d3 27. Bxf7+ Kh8 28. cxd3 Rxb2 29. Rxc8 Rxc8 30. Kxg4 Rxg2 31. e5 g6 32. d4 Kg7 33. e6 h5+ 34. Kf3 Rb2 35. Ne4 Rb3+ 36. Ke2 Rb2+ 37. Kd3 Rb3+ 38. Kd2 Rb2+ 39. Ke3 Rb3+ 40. Ke2 Rb2+ 41. Nd2 Rcc2 42. Rd1 Rc3 43. d5 1-0

[Event "32.Schlosspark-Open"]
[Site "Wiesbaden-Biebrich"]
[Date "2023.08.27"]
[Round "6.59"]
[White "Stegner, Marco"]
[Black "Hübner, Kai"]
[Result "0-1"]
[WhiteElo "1824"]
[BlackElo "1591"]
[PlyCount "61"]
[EventDate "2023.??.??"]
[WhiteTeam "SC Landskrone"]
[BlackTeam "SC Flörsheim 1921"]

1. d4 f5 2. Bf4 e6 3. e3 Nf6 4. Nf3 b6 5. h4 Bb7 6. Nbd2 Bd6 7. Ne5 Nc6 8. Rg1 Qe7 9. Ndc4 b5 10. Nxd6+ cxd6 11. Nf3 e5 12. Bh2 e4 13. Nd2 a6 14. c4 Nxd4 15. Nxe4 Nc2+ 16. Qxc2 Bxe4 17. Qd2 d5 18. cxb5 axb5 19. Bxb5 Rc8 20. Rc1 O-O 21. a3 d4 22. Be2 dxe3 23. fxe3 Nd5 24. Bc4 Kh8 25. Bxd5 Rxc1+ 26. Qxc1 Bxd5 27. Bg3 f4 28. Bf2 Re8 29. Ke2 fxe3 30. Bg3 Qe4 31. Qe1 0-1

[Event "32.Schlosspark-Open"]
[Site "Wiesbaden-Biebrich"]
[Date "2023.08.27"]
[Round "6.60"]
[White "Boscher, Hans"]
[Black "Schramm, Luca"]
[Result "0-1"]
[WhiteElo "1634"]
[BlackElo "1688"]
[PlyCount "48"]
[EventDate "2023.??.??"]
[WhiteTeam "SC Bad Soden"]
[BlackTeam "SC Einrich e.V."]

1. e4 c5 2. Nf3 Nc6 3. c3 d5 4. e5 Bg4 5. Bb5 e6 6. d4 Qb6 7. Bxc6+ bxc6 8. Nbd2 cxd4 9. cxd4 Bb4 10. O-O Ne7 11. Nb3 Nf5 12. h3 Bxf3 13. gxf3 a5 14. Be3 a4 15. Nc1 a3 16. Rb1 Be7 17. Qb3 Qa7 18. bxa3 O-O 19. Nd3 Nxd4 20. Bxd4 Qxd4 21. Nb4 Rfc8 22. Rfe1 Bf8 23. Rbd1 Qa7 24. Qc3 Qxa3 0-1

[Event "32.Schlosspark-Open"]
[Site "Wiesbaden-Biebrich"]
[Date "2023.08.27"]
[Round "6.61"]
[White "Alt, Johannes"]
[Black "Ivkin, Michael"]
[Result "1/2-1/2"]
[WhiteElo "1522"]
[BlackElo "1818"]
[PlyCount "55"]
[EventDate "2023.??.??"]
[WhiteTeam "Sfr.Heidesheim"]
[BlackTeam "Hamburg"]

1. d4 Nf6 2. Nf3 c5 3. c3 e6 4. Bf4 Nc6 5. e3 d5 6. Nbd2 Nh5 7. Bg5 Qb6 8. Qc2 h6 9. Bh4 g5 10. Bg3 Nxg3 11. hxg3 Bg7 12. Be2 Bd7 13. Nb3 cxd4 14. exd4 O-O-O 15. a4 e5 16. O-O-O exd4 17. Nbxd4 Ne7 18. Rhe1 Rhe8 19. Bb5 Bxb5 20. Nxb5 a6 21. Nbd4 g4 22. Nh4 Bxd4 23. Rxd4 Nc6 24. Rxe8 Rxe8 25. Rxd5 Re1+ 26. Rd1 Rxd1+ 27. Kxd1 Ne5 28. Nf5 1/2-1/2

[Event "32.Schlosspark-Open"]
[Site "Wiesbaden-Biebrich"]
[Date "2023.08.27"]
[Round "6.62"]
[White "Traut, Stefan"]
[Black "Meyer-Jany, Marcel"]
[Result "0-1"]
[WhiteElo "1543"]
[BlackElo "1743"]
[PlyCount "74"]
[EventDate "2023.??.??"]
[WhiteTeam "SF Heusenstamm"]
[BlackTeam "SK Herborn 1946"]

1. d4 d5 2. Nf3 Nf6 3. c4 c6 4. cxd5 cxd5 5. Nc3 Nc6 6. Bf4 Qb6 7. Qd2 Bf5 8. a3 h6 9. h3 e6 10. e3 a6 11. Be2 Na5 12. Ra2 Nc4 13. Bxc4 dxc4 14. O-O Qb3 15. Raa1 Be7 16. Rfc1 O-O 17. Ne5 Rfd8 18. Qe2 Rac8 19. Na2 Bd3 20. Qd1 Qxb2 21. Nxd3 cxd3 22. Rcb1 Qc2 23. Rc1 Qe2 24. Nc3 Qxd1+ 25. Nxd1 Rxc1 26. Rxc1 Bxa3 27. Rc3 Bd6 28. Bxd6 Rxd6 29. Rxd3 e5 30. Nb2 exd4 31. exd4 b5 32. f3 Nd5 33. Kf2 Kf8 34. Nd1 b4 35. Ne3 a5 36. Nc4 Ra6 37. Ke2 Nf4+ 0-1

[Event "32.Schlosspark-Open"]
[Site "Wiesbaden-Biebrich"]
[Date "2023.08.27"]
[Round "6.63"]
[White "Schmitt, Clemens"]
[Black "Bartsch, Marius"]
[Result "1-0"]
[WhiteElo "1798"]
[BlackElo "1591"]
[PlyCount "51"]
[EventDate "2023.??.??"]
[WhiteTeam "SV Bergwinkel"]
[BlackTeam "Wiesbadener SV 1885"]

1. Nf3 Nf6 2. c4 c5 3. Nc3 Nc6 4. e3 g6 5. d4 cxd4 6. exd4 d6 7. d5 Nb8 8. Bd3 Bg7 9. O-O O-O 10. h3 Nbd7 11. Re1 Nc5 12. Bc2 a5 13. Bf4 Re8 14. Nd4 e5 15. dxe6 Nxe6 16. Nxe6 Bxe6 17. Ba4 Bd7 18. Qxd6 Ra6 19. Rxe8+ Qxe8 20. Bxd7 Nxd7 21. Qd2 Bf6 22. Re1 Re6 23. Rd1 Ne5 24. b3 Nc6 25. Nd5 Be5 26. Bxe5 1-0

[Event "32.Schlosspark-Open"]
[Site "Wiesbaden-Biebrich"]
[Date "2023.08.27"]
[Round "6.64"]
[White "Bolduan, Michael"]
[Black "Heitmann, Dirk"]
[Result "1-0"]
[WhiteElo "1797"]
[BlackElo "1554"]
[PlyCount "51"]
[EventDate "2023.??.??"]
[WhiteTeam "Sfr Stiller Zug Wiesbaden"]
[BlackTeam "SVG Eppstein 1932"]

1. e4 c5 2. d4 cxd4 3. c3 dxc3 4. Nxc3 e6 5. Nf3 Bc5 6. Bc4 a6 7. O-O Ne7 8. Bg5 f6 9. Bh4 Ng6 10. Bg3 Nc6 11. Qe2 Ba7 12. Rfd1 Qa5 13. Rac1 Nge5 14. Bb3 Nxf3+ 15. Qxf3 Ne5 16. Qh5+ g6 17. Qh6 Kf7 18. h3 Bc5 19. Bxe5 Bf8 20. Qf4 Qxe5 21. Qxe5 fxe5 22. Na4 Rb8 23. Nb6 Bh6 24. Rc7 Bg5 25. Nxd7 Rd8 26. Nxb8+ 1-0

[Event "32.Schlosspark-Open"]
[Site "Wiesbaden-Biebrich"]
[Date "2023.08.27"]
[Round "6.65"]
[White "Müller, Jens"]
[Black "Meaubert, Thomas"]
[Result "1/2-1/2"]
[WhiteElo "1427"]
[BlackElo "1788"]
[PlyCount "83"]
[EventDate "2023.??.??"]
[WhiteTeam "SV 1920 Hofheim"]
[BlackTeam "SC Flörsheim 1921"]

1. e4 e6 2. d4 d5 3. Bd3 c5 4. c3 cxd4 5. cxd4 Nc6 6. Ne2 Nge7 7. O-O Bd7 8. Nbc3 Nb4 9. Bb1 dxe4 10. Bxe4 Bc6 11. Bf4 Nbd5 12. Bg3 g6 13. Be5 f6 14. Bg3 Bg7 15. Re1 O-O 16. Qd2 Nf5 17. Bc2 Re8 18. Rab1 Bh6 19. Qd1 Nxg3 20. Nxg3 f5 21. Bb3 Bg7 22. Qd2 Qd6 23. Nce2 a5 24. a3 a4 25. Ba2 Nc7 26. Rbd1 b6 27. Qf4 Qxf4 28. Nxf4 Kf7 29. Rc1 Bh6 30. Nge2 Nd5 31. Rxc6 Bxf4 32. Nxf4 Nxf4 33. g3 Nd5 34. Bxd5 exd5 35. Rxe8 Kxe8 36. Rxb6 Kd7 37. Kg2 Kc7 38. Rb4 Ra6 39. Kf3 Kd6 40. Ke3 Ke6 41. Kf4 h6 42. h4 1/2-1/2

[Event "32.Schlosspark-Open"]
[Site "Wiesbaden-Biebrich"]
[Date "2023.08.27"]
[Round "6.66"]
[White "Rabiya, Karim"]
[Black "Gerber, Ingo"]
[Result "1-0"]
[WhiteElo "1758"]
[BlackElo "1533"]
[PlyCount "59"]
[EventDate "2023.??.??"]
[WhiteTeam "SK Niederbrechen 1948"]
[BlackTeam "Sfr.Mainz 1928"]

1. e4 e5 2. Bc4 Nf6 3. Nc3 Bc5 4. d3 h6 5. f4 d6 6. f5 Bd7 7. Qf3 Qe7 8. Nge2 Nc6 9. a3 Nd4 10. Nxd4 Bxd4 11. Ne2 Bb6 12. Bd2 Bc6 13. b4 Ba4 14. Nc3 Bd4 15. Rc1 Bxc3 16. Bxc3 b5 17. Ba2 Rc8 18. Bd2 c5 19. O-O O-O 20. g4 Nh7 21. c3 Qh4 22. Be1 Qg5 23. Bf2 Qd2 24. Bd5 cxb4 25. axb4 Ng5 26. Qe3 Qb2 27. h4 Nh7 28. g5 hxg5 29. hxg5 Bb3 30. Rb1 1-0

[Event "32.Schlosspark-Open"]
[Site "Wiesbaden-Biebrich"]
[Date "2023.08.27"]
[Round "6.67"]
[White "Schmidt, Jörg"]
[Black "Machwirth, Ernst"]
[Result "1-0"]
[WhiteElo "1784"]
[BlackElo "1410"]
[PlyCount "115"]
[EventDate "2023.??.??"]
[WhiteTeam "SK Niederbrechen 1948"]
[BlackTeam "Sfr Stiller Zug Wiesbaden"]

1. Nf3 Nc6 2. e3 d5 3. c4 Nf6 4. b3 e6 5. Bb2 Be7 6. Nc3 dxc4 7. Bxc4 Na5 8. Be2 a6 9. a3 Nc6 10. d4 Nd5 11. O-O Nxc3 12. Bxc3 O-O 13. Qc2 Nb8 14. b4 b6 15. Bd3 h6 16. Be4 Ra7 17. Rfd1 f5 18. Bd3 Bf6 19. Bc4 b5 20. Ba2 Qe7 21. Rd2 Bb7 22. Ne5 Bxe5 23. dxe5 Be4 24. Qd1 c6 25. Bd4 Rd7 26. f3 Bd5 27. Bc5 Qg5 28. f4 Qg6 29. Bxd5 exd5 30. Bxf8 Kxf8 31. Rc1 Qe6 32. Rdc2 Rc7 33. h4 Nd7 34. Qf1 Nb6 35. Qd3 Nc4 36. Rxc4 bxc4 37. Rxc4 Ke7 38. Rc2 Kd7 39. Qxa6 Qg6 40. Qe2 h5 41. Rd2 Qf7 42. Qd1 g6 43. a4 Ke6 44. Qb3 Qe7 45. g3 Rb7 46. b5 Qd7 47. bxc6 Qxc6 48. Qc2 Qb6 49. Qc8+ Ke7 50. Qc3 Ke6 51. Kf2 Rc7 52. a5 Qa7 53. Qb4 Rc5 54. Ra2 Kd7 55. a6 Kc6 56. Qa4+ Kc7 57. Rb2 Kd8 58. Rb7 1-0

[Event "32.Schlosspark-Open"]
[Site "Wiesbaden-Biebrich"]
[Date "2023.08.27"]
[Round "6.68"]
[White "Mönch, Dorothée"]
[Black "Fang, Borui"]
[Result "1-0"]
[WhiteElo "1710"]
[BlackElo "1415"]
[PlyCount "89"]
[EventDate "2023.??.??"]
[WhiteTeam "Sfr.Mainz 1928"]
[BlackTeam "SV Oberursel"]

1. e4 e5 2. f4 d6 3. Nf3 Nc6 4. Bc4 Bg4 5. c3 Nge7 6. Bxf7+ Kxf7 7. Ng5+ Kg8 8. Qxg4 Qc8 9. f5 Nd8 10. O-O h6 11. Nf3 Kh7 12. Nh4 Rg8 13. Ng6 Nf7 14. d3 d5 15. Be3 Nd6 16. Nxe5 dxe4 17. dxe4 Nexf5 18. Qg6+ Kh8 19. exf5 Qe8 20. Bd4 c5 21. Qxe8 Nxe8 22. Ng6+ Kh7 23. Nxf8+ Rxf8 24. Bxc5 Rf7 25. Nd2 b6 26. Bd4 Nd6 27. Rae1 Rxf5 28. Rxf5 Nxf5 29. Nf3 Rd8 30. g4 Nxd4 31. Nxd4 Rd7 32. Re6 Kg8 33. Kf2 Kf7 34. Re4 g5 35. Ke3 a6 36. a4 a5 37. Kd3 Rd6 38. Re5 Kf6 39. Rf5+ Kg7 40. Kc4 Kg6 41. Re5 Kf7 42. Re6 Rxd4+ 43. cxd4 Kxe6 44. Kb5 Kd5 45. Kxb6 1-0

[Event "32.Schlosspark-Open"]
[Site "Wiesbaden-Biebrich"]
[Date "2023.08.27"]
[Round "6.70"]
[White "Bresslauer, Stefan"]
[Black "Launert, Martin"]
[Result "1-0"]
[WhiteElo "1493"]
[BlackElo "1870"]
[PlyCount "115"]
[EventDate "2023.??.??"]
[WhiteTeam "SVG Eppstein 1932"]
[BlackTeam "SF Eltville"]

1. d4 d5 2. c4 dxc4 3. Nc3 Nf6 4. e3 e6 5. Bxc4 Be7 6. Nf3 O-O 7. O-O Nbd7 8. Qc2 c6 9. a4 a5 10. e4 Re8 11. e5 Nd5 12. Bd3 h6 13. Nxd5 exd5 14. Bd2 Nf8 15. h3 Ne6 16. Be3 Bd7 17. Nh2 c5 18. dxc5 d4 19. Bd2 Nxc5 20. Nf3 Be6 21. Bb5 Rf8 22. Bf4 g5 23. Bg3 Bb3 24. Qd2 Ne6 25. Qd3 Qd5 26. Rfe1 Rac8 27. Rac1 b6 28. Nd2 Rxc1 29. Rxc1 Ba2 30. b3 Nc5 31. Qc4 Rd8 32. Qxd5 Rxd5 33. Bc4 Rd8 34. Rc2 Bxb3 35. Bxb3 Nxb3 36. Nxb3 d3 37. Rd2 Bb4 38. Rd1 d2 39. Kf1 Rd3 40. Nxd2 Rxd2 41. Rxd2 Bxd2 42. Ke2 Bb4 43. f3 Bc5 44. Bf2 Bxf2 45. Kxf2 Kf8 46. Ke3 Ke7 47. Ke4 Ke6 48. g3 h5 49. f4 gxf4 50. gxf4 b5 51. axb5 a4 52. f5+ Kd7 53. Kd4 a3 54. Kc3 Kc7 55. Kb3 a2 56. Kxa2 Kb6 57. e6 fxe6 58. f6 1-0

[Event "32.Schlosspark-Open"]
[Site "Wiesbaden-Biebrich"]
[Date "2023.08.27"]
[Round "6.71"]
[White "Schmitz, Bernhard Hubert"]
[Black "Zeyen, Helmut"]
[Result "1-0"]
[WhiteElo "1387"]
[BlackElo "1799"]
[PlyCount "43"]
[EventDate "2023.??.??"]
[WhiteTeam "Vorw.Orient Mainz"]
[BlackTeam "Wiesbadener SV 1885"]

1. d4 d5 2. c4 Nc6 3. Nf3 e5 4. cxd5 Qxd5 5. Nc3 Bb4 6. e3 Bg4 7. Be2 Nf6 8. h3 Be6 9. O-O Qa5 10. Bd2 Rd8 11. a3 Bxc3 12. Bxc3 Qb6 13. Qa4 Bb3 14. Qb5 e4 15. Qxb6 axb6 16. Nd2 Bd5 17. f3 O-O 18. Rac1 Ra8 19. fxe4 Bxe4 20. Rxf6 gxf6 21. Nxe4 f5 22. Nf6+ 1-0

[Event "32.Schlosspark-Open"]
[Site "Wiesbaden-Biebrich"]
[Date "2023.08.27"]
[Round "6.72"]
[White "Schmid, Leon"]
[Black "Niedenthal, Robert"]
[Result "1-0"]
[WhiteElo "1623"]
[BlackElo "1536"]
[PlyCount "45"]
[EventDate "2023.??.??"]
[WhiteTeam "Sfr.Heidesheim"]
[BlackTeam "SV 1920 Hofheim"]

1. e4 c5 2. Nf3 Nc6 3. g3 g6 4. Bg2 Bg7 5. O-O e5 6. Nc3 Nf6 7. d3 O-O 8. Nd2 d6 9. Nc4 a6 10. a4 Bg4 11. f3 Be6 12. f4 Bg4 13. Qe1 Nd4 14. Qf2 b5 15. axb5 axb5 16. Rxa8 Qxa8 17. Nxd6 Qc6 18. fxe5 b4 19. exf6 Bh8 20. e5 Qd7 21. Nd5 Re8 22. Nxe8 Qxe8 23. Ne7+ 1-0

[Event "32.Schlosspark-Open"]
[Site "Wiesbaden-Biebrich"]
[Date "2023.08.27"]
[Round "6.73"]
[White "Schuering, Jonas"]
[Black "Stephanblome, Felix"]
[Result "0-1"]
[WhiteElo "1451"]
[BlackElo "1718"]
[PlyCount "44"]
[EventDate "2023.??.??"]
[WhiteTeam "Trier"]
[BlackTeam "SV 1934 Ffm-Griesheim"]

1. d4 d5 2. Nf3 Nf6 3. Bf4 Bf5 4. e3 e6 5. c4 c6 6. Nh4 Bg6 7. Nxg6 hxg6 8. h3 Bd6 9. Bg5 dxc4 10. Bxc4 Qa5+ 11. Nc3 Qxg5 12. g3 Nbd7 13. e4 Bb4 14. Qf3 O-O-O 15. a3 Bxc3+ 16. bxc3 Nb6 17. Be2 Qa5 18. Qe3 Nxe4 19. Rc1 Qg5 20. Qxg5 Nxg5 21. h4 Ne4 22. O-O Na4 0-1

[Event "32.Schlosspark-Open"]
[Site "Wiesbaden-Biebrich"]
[Date "2023.08.27"]
[Round "6.74"]
[White "Papadopoulos, Kyriakos"]
[Black "Richter, Johanna"]
[Result "1/2-1/2"]
[WhiteElo "1411"]
[BlackElo "1546"]
[PlyCount "53"]
[EventDate "2023.??.??"]
[WhiteTeam "VSG 1880 Offenbach"]
[BlackTeam "Sfr.Heidesheim"]

1. e4 c5 2. Nf3 Nc6 3. d4 cxd4 4. Nxd4 Nf6 5. Nc3 e5 6. Nb3 d6 7. Bd3 Be7 8. h3 O-O 9. Qf3 a6 10. Be2 Nb4 11. Bd1 b5 12. a3 Nc6 13. O-O Bb7 14. Re1 Rc8 15. Qg3 Kh8 16. Bg4 Nxg4 17. Qxg4 Nd4 18. Nxd4 exd4 19. Nd5 Rxc2 20. Qd1 Rc8 21. Qxd4 Bxd5 22. Qxd5 Qc7 23. Bf4 Qc6 24. Red1 Qxd5 25. Rxd5 Rfd8 26. Rad1 Rc5 27. R5d2 1/2-1/2

[Event "32.Schlosspark-Open"]
[Site "Wiesbaden-Biebrich"]
[Date "2023.08.27"]
[Round "6.76"]
[White "John, Volkmar"]
[Black "Goodwin, David"]
[Result "1-0"]
[WhiteElo "1641"]
[BlackElo "1467"]
[PlyCount "105"]
[EventDate "2023.??.??"]
[WhiteTeam "SK Herborn 1946"]
[BlackTeam "SV 1920 Kelsterbach"]

1. c4 g6 2. Nc3 Bg7 3. b3 d6 4. Bb2 Nf6 5. g3 Nbd7 6. Bg2 O-O 7. Nf3 e5 8. d4 exd4 9. Nxd4 a6 10. Qd2 Rb8 11. O-O Nc5 12. Rad1 Ne6 13. Nd5 Nxd4 14. Bxd4 Nxd5 15. Bxd5 Bxd4 16. Qxd4 Qe7 17. Rfe1 Qe5 18. Qa7 Be6 19. Bxb7 Qa5 20. Qxa6 Qxa6 21. Bxa6 Ra8 22. Bb5 Rxa2 23. Ra1 Rb2 24. Ba4 c5 25. Rab1 Ra2 26. Ra1 Rb2 27. e3 Rd8 28. Red1 Bg4 29. Rdb1 Rd2 30. Bc6 Bf5 31. e4 Be6 32. Kg2 Kg7 33. Ra8 Rxa8 34. Bxa8 h5 35. Kf3 Bg4+ 36. Kg2 Kf6 37. Bd5 Rd3 38. h3 Bf3+ 39. Kh2 Rd4 40. e5+ Kxe5 41. Bxf3 f6 42. Rd1 Rxd1 43. Bxd1 d5 44. cxd5 Kxd5 45. Be2 Ke5 46. Kg2 f5 47. Kf3 g5 48. Ke3 h4 49. gxh4 gxh4 50. f4+ Kd6 51. Kd3 Ke7 52. Kc4 Kd6 53. Bf3 1-0

[Event "32.Schlosspark-Open"]
[Site "Wiesbaden-Biebrich"]
[Date "2023.08.27"]
[Round "6.77"]
[White "Joshi, Kanad"]
[Black "Sefeloge, Michael"]
[Result "1/2-1/2"]
[WhiteElo "1370"]
[BlackElo "1625"]
[PlyCount "93"]
[EventDate "2023.??.??"]
[WhiteTeam "SV Oberursel"]
[BlackTeam "SV Turm Lahnstein"]

1. e4 c5 2. Nf3 d6 3. d3 Nf6 4. g3 e6 5. Bg2 Nc6 6. O-O Be7 7. Re1 O-O 8. c3 Bd7 9. d4 cxd4 10. cxd4 Qc7 11. Nc3 a6 12. Be3 Rfe8 13. a3 Rac8 14. Nd2 b5 15. f4 e5 16. d5 Na5 17. f5 Nc4 18. Nxc4 bxc4 19. h3 Qb7 20. Rb1 Rb8 21. g4 h6 22. Qd2 Nh7 23. Qf2 Bd8 24. Kh1 Bb6 25. Qg3 Bxe3 26. Rxe3 Qb6 27. h4 Qd8 28. Bf1 Rc8 29. Ne2 a5 30. Ng1 Ba4 31. Nh3 f6 32. Re2 Qe7 33. Rg2 Rc7 34. Be2 Bc2 35. Rbg1 Bxe4 36. Bf3 Bxf3 37. Qxf3 Rb8 38. g5 fxg5 39. hxg5 hxg5 40. Nxg5 Nxg5 41. Rxg5 Qf6 42. Qh5 Rbb7 43. Rg6 Qf7 44. Rxg7+ Qxg7 45. Rxg7+ Rxg7 46. Qe8+ Kh7 47. Qh5+ 1/2-1/2

[Event "32.Schlosspark-Open"]
[Site "Wiesbaden-Biebrich"]
[Date "2023.08.27"]
[Round "6.78"]
[White "Reiß, Peter"]
[Black "Moissl, Felix"]
[Result "1/2-1/2"]
[WhiteElo "1594"]
[BlackElo "1347"]
[PlyCount "50"]
[EventDate "2023.??.??"]
[WhiteTeam "SV Multatuli Ingelheim e.V."]
[BlackTeam "SJ Herborn 1998"]

1. d4 d5 2. c4 c6 3. Nc3 Nf6 4. Nf3 Bf5 5. cxd5 Nxd5 6. Qb3 Nb6 7. Bf4 Be6 8. Qc2 g6 9. e3 Bf5 10. Bd3 Bxd3 11. Qxd3 Bg7 12. O-O O-O 13. Be5 Bxe5 14. Nxe5 N8d7 15. Nf3 Nf6 16. Rad1 Qd6 17. e4 Qd7 18. b4 Rad8 19. Qe3 Qc7 20. Qh6 Rd7 21. Ng5 e5 22. Nf3 exd4 23. Rxd4 Rxd4 24. Nxd4 Qe5 25. Nce2 Qxe4 1/2-1/2

[Event "32.Schlosspark-Open"]
[Site "Wiesbaden-Biebrich"]
[Date "2023.08.27"]
[Round "6.79"]
[White "Neininger, Sarah"]
[Black "Chen, Lilly"]
[Result "1-0"]
[WhiteElo "1494"]
[BlackElo "920"]
[PlyCount "85"]
[EventDate "2023.??.??"]
[WhiteTeam "VSG 1880 Offenbach"]
[BlackTeam "Sfr Stiller Zug Wiesbaden"]

1. e4 d6 2. d4 g6 3. Nc3 a6 4. f4 Bg7 5. Nf3 e6 6. Bd3 Ne7 7. Be3 Nd7 8. O-O O-O 9. Qe1 b6 10. Qg3 h6 11. f5 Nf6 12. fxg6 fxg6 13. e5 Nh5 14. Qg4 Kh7 15. Qxh5 Nf5 16. Bxf5 exf5 17. Qh4 g5 18. Nxg5+ Kg8 19. Nf3 Qxh4 20. Nxh4 dxe5 21. dxe5 Bxe5 22. Ng6 Re8 23. Nxe5 Rxe5 24. Bf4 Re7 25. Nd5 Re2 26. Nxc7 Bb7 27. Rf2 Rxf2 28. Kxf2 Rc8 29. Re1 Kf8 30. Ne6+ Kf7 31. Nd4 Rc4 32. c3 h5 33. Re5 Be4 34. Nxf5 Bxf5 35. Rxf5+ Kg6 36. Rg5+ Kf6 37. Be3 Ra4 38. Rxh5 Rxa2 39. Rh6+ Kf5 40. Rxb6 a5 41. Kf3 a4 42. Bf4 a3 43. g4# 1-0

[Event "32.Schlosspark-Open"]
[Site "Wiesbaden-Biebrich"]
[Date "2023.08.27"]
[Round "6.82"]
[White "Rotärmel, Leonie"]
[Black "Wöhl, Torsten"]
[Result "1/2-1/2"]
[WhiteElo "1489"]
[BlackElo "1450"]
[PlyCount "54"]
[EventDate "2023.??.??"]
[WhiteTeam "SK Bad Homburg 1927"]
[BlackTeam "SC Groß-Zimmern"]

1. e4 e6 2. d4 d5 3. Nc3 Nf6 4. e5 Nfd7 5. f4 c5 6. Nf3 Nc6 7. Be3 f5 8. Be2 cxd4 9. Nxd4 Nxd4 10. Bxd4 Bc5 11. Nb5 O-O 12. c4 Qa5+ 13. Bc3 Bb4 14. cxd5 Bxc3+ 15. Nxc3 Nb6 16. d6 Nd5 17. Qd2 Nxc3 18. Qxc3 Qxc3+ 19. bxc3 Bd7 20. Bf3 Rab8 21. Rb1 b6 22. Kd2 Rfc8 23. Rb4 Rc5 24. Rc1 a5 25. Rb2 b5 26. a3 Kf8 27. g3 Ke8 1/2-1/2

[Event "32.Schlosspark-Open"]
[Site "Wiesbaden-Biebrich"]
[Date "2023.08.27"]
[Round "6.83"]
[White "Strache, Rolf"]
[Black "Meuer, Stephan"]
[Result "1/2-1/2"]
[WhiteElo "1575"]
[BlackElo "1268"]
[PlyCount "88"]
[EventDate "2023.??.??"]
[WhiteTeam "SK Herborn 1946"]
[BlackTeam "SV Turm Lahnstein"]

1. d4 d5 2. c4 c6 3. Nf3 Bf5 4. Nc3 Nf6 5. Bf4 e6 6. e3 Nbd7 7. Rc1 h6 8. h3 Be7 9. Be2 O-O 10. O-O a6 11. cxd5 cxd5 12. Bd3 Bxd3 13. Qxd3 Rc8 14. a3 Qb6 15. b4 Ra8 16. Nd2 Rfc8 17. Rfe1 Qd8 18. Nb3 b6 19. f3 Nh5 20. Bh2 Bh4 21. Re2 Bg3 22. f4 Bxh2+ 23. Kxh2 Nhf6 24. Rec2 Rc4 25. Nd2 Rc7 26. Ne2 Rxc2 27. Qxc2 a5 28. b5 Qe7 29. Qb2 Qd8 30. Rc6 Rc8 31. Qc2 Rxc6 32. bxc6 Nf8 33. c7 Qc8 34. Qc6 Ne8 35. Qxb6 Qxc7 36. Qxc7 Nxc7 37. a4 Nd7 38. Nb3 Nb6 39. Nc3 Nc4 40. e4 Kf8 41. e5 Ke7 42. Kg3 f6 43. Kf2 f5 44. g4 g6 1/2-1/2

[Event "32.Schlosspark-Open"]
[Site "Wiesbaden-Biebrich"]
[Date "2023.08.27"]
[Round "6.84"]
[White "Will, Elina"]
[Black "Stojanoski, Stefan"]
[Result "0-1"]
[WhiteElo "1295"]
[BlackElo "1162"]
[PlyCount "174"]
[EventDate "2023.??.??"]
[WhiteTeam "TuS Makkabi Wiesbaden"]
[BlackTeam "SAbt TuS Makkabi Ffm"]

1. e4 e5 2. Nf3 Nc6 3. d4 exd4 4. Nxd4 Bc5 5. Be3 Qf6 6. c3 Nge7 7. Bc4 Bb6 8. O-O O-O 9. Na3 a6 10. Nac2 d6 11. Qf3 Qg6 12. Nxc6 Nxc6 13. Bb3 Ne5 14. Qf4 Be6 15. Bxb6 cxb6 16. Rad1 Rad8 17. Rfe1 Bg4 18. Rd2 Bf3 19. g3 Bg4 20. Nd4 h6 21. Bd1 Qh5 22. Bxg4 Nxg4 23. f3 Ne5 24. g4 Qh3 25. Qg3 Qxg3+ 26. hxg3 Nc4 27. Rh2 Rfe8 28. b3 Ne5 29. Kf2 Nd3+ 30. Kf1 Nxe1 31. Kxe1 d5 32. Re2 dxe4 33. fxe4 Rd7 34. Kf2 g6 35. Kf3 Rde7 36. Nc2 f5 37. gxf5 gxf5 38. Nb4 fxe4+ 39. Ke3 Re5 40. c4 Kg7 41. Nd5 b5 42. Nf4 Rg5 43. Kf2 Rf5 44. Ke3 bxc4 45. bxc4 Rc5 46. Kd4 Rce5 47. Ke3 Rg5 48. Kd4 Kh8 49. Re3 Rg7 50. Nd5 Rd7 51. Kc5 Rc8+ 52. Kb4 Rg7 53. Nf6 Rc6 54. Nh5 Rg5 55. Nf4 a5+ 56. Kb3 a4+ 57. Kb4 Rb6+ 58. Ka3 Rg8 59. Nd5 Rbg6 60. Rxe4 Rxg3+ 61. Kb4 R3g4 62. Re7 Rc8 63. Nb6 Rcg8 64. Nd5 R4g7 65. Re6 Rg6 66. Re7 h5 67. Re5 Rh6 68. Re7 h4 69. Ne3 h3 70. Nf1 h2 71. Nxh2 Rxh2 72. a3 Rc8 73. Re4 Rg2 74. Kc3 Rg3+ 75. Kc2 Rxa3 76. Rh4+ Kg7 77. Rg4+ Kf7 78. Rf4+ Ke7 79. Re4+ Kd7 80. Rd4+ Kc7 81. c5 Kb8 82. Rc4 Rh3 83. Rxa4 Rxc5+ 84. Kb2 Rg5 85. Rc4 Rg2+ 86. Rc2 Rhh2 87. Rxg2 Rxg2+ 0-1